|
|
|
|
| LEADER |
00000nab#a22000007a#4500 |
| 001 |
arbauad001436 |
| 003 |
AR-BaUAD |
| 005 |
20250902133242.0 |
| 008 |
930715|||||||||###||||||b###|0###a|spa|| |
| 040 |
|
|
|a AR-BaUAD
|c AR-BaUAD
|b spa
|
| 245 |
1 |
0 |
|a Typography today
|
| 300 |
0 |
|
|b il.
|
| 653 |
|
|
|a TIPOGRAFIA
|
| 653 |
|
|
|a DISEÑO EDITORIAL
|
| 653 |
|
|
|a PUESTA EN PAGINA
|
| 653 |
|
|
|a VANGUARDIAS
|
| 653 |
|
|
|a DISEÑO GRAFICO
|
| 653 |
|
|
|a MARINETTI, FILIPPO
|
| 653 |
|
|
|a ITALIA
|
| 653 |
|
|
|a FUTURISMO
|
| 653 |
|
|
|a DADAISMO
|
| 653 |
|
|
|a SCHWITTERS, KURT
|
| 653 |
|
|
|a LISSITZKY, EL
|
| 653 |
|
|
|a CONSTRUCTIVISMO
|
| 653 |
|
|
|a TSCHICHOLD, JAN
|
| 653 |
|
|
|a ESCUELA SUIZA
|
| 653 |
|
|
|a BAYER, HERBERT
|
| 653 |
|
|
|a SCHMIDT, JOOST
|
| 653 |
|
|
|a ZWART, PIET
|
| 653 |
|
|
|a BAUHAUS
|
| 653 |
|
|
|a BIOGRAFIAS
|
| 773 |
0 |
|
|t IDEA
|g special issue Typography Today [1980], p. 4-150
|
| 942 |
|
|
|c ARTI
|2 udc
|
| 952 |
|
|
|0 0
|1 0
|4 0
|7 0
|9 46356
|a AR-BAuAD
|b AR-BAuAD
|d 2025-07-11
|l 0
|p AAQA001436
|r 2025-07-11 11:04:37
|w 2025-07-11
|y ARTI
|
| 990 |
|
|
|a DG198
|b TD
|
| 998 |
|
|
|b BIBUN76
|
| 999 |
|
|
|c 26029
|d 26029
|